000 00761nam a2200241Ia 4500
008 160418s9999 xx 000 0 und d
020 _a978-971-584-896-1
050 _aFIL PE 1408
050 _b.S26 2010
100 _aSan Miguel, Josefina G.
245 _aSmart writing :
245 _ban essential guide to college composition /
245 _cJosefina G. San Miguel, D. C. T. Barraquio.
260 _aQuezon City:
260 _bC & E Pub. Inc.,
260 _c2010
300 _a313 pages :
300 _billustrations ;
300 _c26 cm.
500 _aIncludes bibliographical references and index.
650 _aEnglish language -- Composition and excersies.
650 _xEnglish language -- Rhetoric -- Study and teaching (Higher).
999 _c293469
_d293469